[Event "29th World Junior Girls"]
[Site "Chennai IND"]
[Date "2011.08.14"]
[Round "12"]
[White "Girya, Olga"]
[Black "Tsatsalashvili, Keti"]
[Result "1-0"]
[WhiteTitle "WGM"]
[BlackTitle "WIM"]
[WhiteElo "2371"]
[BlackElo "2318"]
[WhiteFideId "4195752"]
[BlackFideId "13603434"]
[EventDate "2011.08.02"]

1. d4 Nf6 2. c4 e6 3. Nc3 d5 4. cxd5 exd5 5. Bg5 Bb4 6. e3 h6 7. Bh4 c5 8. Bd3
cxd4 9. exd4 Nc6 10. Ne2 O-O 11. O-O Be6 12. Bc2 Bd6 13. h3 Rc8 14. a3 Be7 15.
Qd3 Re8 16. Nf4 Qd6 17. Nxe6 fxe6 18. Bg3 Qd7 19. Be5 Bd6 20. Rae1 Rcd8 21. Bxf6
gxf6 22. Qg6+ Qg7 23. Nxd5 Qxg6 24. Bxg6 Rf8 25. Rxe6 Kg7 26. Bh5 Nxd4 27. Re4
Be5 28. Ne3 Nc6 29. Nc4 Rd4 30. Rxd4 Bxd4 31. b3 Rd8 32. Rd1 f5 33. Bf3 f4 34.
Bxc6 bxc6 35. Kf1 c5 36. Ke2 Kf6 37. Kf3 Kf5 38. Rd3 Rd7 39. Nd2 Ke5 40. Nc4+
Kf5 41. Na5 Rd6 42. Nb7 Rb6 43. Nxc5 Bxc5 44. Rd5+ Kf6 45. Rxc5 Rxb3+ 46. Kxf4
Rxa3 47. Rc6+ Kg7 48. f3 Ra4+ 49. Kf5 Ra5+ 50. Kf4 Ra4+ 51. Kg3 a5 52. f4 Ra2
53. Kf3 a4 54. Ra6 a3 55. g4 Ra1 56. Ke4 a2 57. Kf5 Rh1 58. Rxa2 Rxh3 59. Ra7+
Kf8 60. Kf6 Kg8 61. Kg6 Kf8 62. Ra8+ Ke7 1-0

[Event "29th World Junior Girls"]
[Site "Chennai IND"]
[Date "2011.08.14"]
[Round "12"]
[White "Nakhbayeva, Guliskhan"]
[Black "Bulmaga, Irina"]
[Result "0-1"]
[WhiteTitle "WIM"]
[BlackTitle "WIM"]
[WhiteElo "2222"]
[BlackElo "2293"]
[WhiteFideId "13704788"]
[BlackFideId "13903063"]
[EventDate "2011.08.02"]

1. d4 Nf6 2. c4 e6 3. Nc3 Bb4 4. Nf3 b6 5. Bg5 h6 6. Bh4 g5 7. Bg3 Ne4 8. Rc1
Bb7 9. Nd2 Bxc3 10. bxc3 Nxg3 11. hxg3 d6 12. e4 c5 13. d5 Qf6 14. Be2 Nd7 15.
Qa4 O-O-O 16. Qxa7 Kc7 17. Qa4 h5 18. Qb3 h4 19. g4 Ra8 20. a4 Qf4 21. Ra1 Ra5
22. Qd1 Rha8 23. O-O Ne5 24. Ra2 Bc8 25. Nf3 Nxg4 26. e5 dxe5 27. Qd2 Rxa4 28.
d6+ Kd7 29. Qxf4 gxf4 30. Rxa4 Rxa4 31. Nxh4 Nh6 32. Rb1 Ra6 33. Rd1 e4 34. Bh5
Bb7 35. g4 fxg3 36. fxg3 Ra3 37. g4 Rxc3 38. Kh2 e3 39. g5 Rxc4 40. Kh3 Nf5 41.
Nxf5 exf5 42. Bxf7 Rg4 43. Be6+ Kd8 44. Bxf5 Rxg5 45. Be6 e2 46. Re1 Rg6 47. Bf5
Bc8 0-1

[Event "29th World Junior Girls"]
[Site "Chennai IND"]
[Date "2011.08.14"]
[Round "12"]
[White "Martinez, Ayelen"]
[Black "Savina, Anastasia"]
[Result "0-1"]
[BlackTitle "WGM"]
[WhiteElo "2011"]
[BlackElo "2398"]
[WhiteFideId "118702"]
[BlackFideId "4196872"]
[EventDate "2011.08.02"]

1. e4 e5 2. Nf3 Nc6 3. Bb5 Nf6 4. O-O Nxe4 5. d4 Nd6 6. Bg5 Be7 7. Bxe7 Nxe7 8.
dxe5 Nxb5 9. a4 Nd4 10. Nxd4 O-O 11. Ra3 d5 12. exd6 Qxd6 13. Nb5 Qxd1 14. Rxd1
Bf5 15. N1c3 c6 16. Nd6 Bxc2 17. Rc1 Bg6 18. Nxb7 Rfb8 19. Rb3 f6 20. Re1 Bf7
21. Rb4 Nd5 22. Nxd5 Bxd5 23. Re7 Re8 24. Re3 Rxe3 25. fxe3 Rb8 26. e4 c5 27.
exd5 cxb4 28. Na5 Kf8 29. Nc6 Rb7 30. Kf2 Rd7 31. Ke3 Rxd5 32. Nxb4 Rh5 33. Nc6
a5 34. h3 Ke8 35. Kd4 Kd7 36. g4 Rg5 37. Na7 h5 38. gxh5 Rxh5 39. Nb5 Rh4+ 40.
Ke3 Rxh3+ 41. Kd4 0-1

[Event "29th World Junior Girls"]
[Site "Chennai IND"]
[Date "2011.08.14"]
[Round "12"]
[White "Kulkarni, Bhakti"]
[Black "Kulon, Klaudia"]
[Result "1-0"]
[WhiteTitle "CM"]
[BlackTitle "WFM"]
[WhiteElo "2317"]
[BlackElo "2227"]
[WhiteFideId "5019516"]
[BlackFideId "1131044"]
[EventDate "2011.08.02"]

1. d4 f5 2. c4 Nf6 3. Nf3 g6 4. Nc3 Bg7 5. Qb3 e6 6. g3 O-O 7. Bg2 d6 8. O-O c6
9. Qc2 Qe7 10. e4 e5 11. dxe5 dxe5 12. exf5 gxf5 13. Bg5 h6 14. Bd2 e4 15. Nh4
Qf7 16. b3 Ng4 17. h3 Ne5 18. f3 exf3 19. Nxf3 Ng6 20. Rae1 Na6 21. Ne2 Bd7 22.
Nf4 Nc5 23. Bb4 b6 24. Bxc5 bxc5 25. Nd3 f4 26. Nfe5 Nxe5 27. Nxe5 Bf5 28. Qf2
fxg3 29. Qxg3 Qc7 30. Bxc6 Rad8 31. Bd5+ Kh7 32. Rxf5 Qd6 33. Rxf8 Rxf8 34. Qd3+ 1-0

[Event "29th World Junior Girls"]
[Site "Chennai IND"]
[Date "2011.08.14"]
[Round "12"]
[White "Vo, Thi Kim Phung"]
[Black "Mammadova, Gulnar Marfat qizi"]
[Result "0-1"]
[WhiteTitle "WIM"]
[BlackTitle "WIM"]
[WhiteElo "2141"]
[BlackElo "2294"]
[WhiteFideId "12401838"]
[BlackFideId "13403508"]
[EventDate "2011.08.02"]

1. d4 d5 2. Nf3 Nf6 3. c4 c6 4. Nc3 e6 5. Bg5 dxc4 6. e4 b5 7. e5 h6 8. Bh4 g5
9. Nxg5 hxg5 10. Bxg5 Nbd7 11. Qf3 Qb6 12. Bxf6 Nxf6 13. Qxf6 Rh7 14. Be2 Bb7
15. Rd1 Be7 16. Qf4 O-O-O 17. Bf3 b4 18. Ne2 Qa5 19. O-O Qxa2 20. Ra1 Qb3 21.
Rxa7 Rg7 22. Qe4 Qd3 23. Rfa1 Qxe4 24. Bxe4 f5 25. exf6 Bxf6 26. Rc1 Bxd4 27.
Nxd4 Rxd4 28. Bxc6 Kb8 29. Rxb7+ Rxb7 30. Bxb7 Kxb7 31. g3 Kc6 32. Kf1 Kb5 33.
Ke2 Ka4 34. Rd1 e5 35. h4 Kb3 36. h5 Kxb2 37. h6 Rxd1 38. Kxd1 c3 39. h7 c2+ 40.
Ke2 c1=Q 41. h8=Q Qc3 42. g4 e4 43. Qe8 Qd3+ 44. Ke1 Qc3+ 45. Kf1 Qh3+ 46. Ke1
Qc3+ 47. Kf1 Qd3+ 48. Kg1 b3 49. g5 Kc2 50. Qc6+ Kd2 51. Qf6 Qc3 52. Qf4+ e3 53.
Qd6+ Kc2 54. Qa6 b2 55. Qe2+ Qd2 56. Qc4+ Kd1 57. Qa4+ Kc1 58. Qc4+ Qc2 59. Qf1+
Qd1 0-1

[Event "29th World Junior Girls"]
[Site "Chennai IND"]
[Date "2011.08.14"]
[Round "12"]
[White "Hoang, Thi Nhu Y"]
[Black "Tokhirjanova, Hulkar"]
[Result "1-0"]
[WhiteTitle "WIM"]
[WhiteElo "2204"]
[BlackElo "2119"]
[WhiteFideId "12401455"]
[BlackFideId "14202247"]
[EventDate "2011.08.02"]

1. d4 Nf6 2. Nf3 e6 3. Bg5 d5 4. e3 Nbd7 5. Nbd2 Be7 6. Bd3 O-O 7. O-O b6 8. c4
dxc4 9. Nxc4 Bb7 10. Qe2 c5 11. Rac1 Nd5 12. Bxe7 Qxe7 13. a3 Rac8 14. Bb1 Ba6
15. Qc2 g6 16. Qa4 Nb8 17. Qb3 cxd4 18. Nxd4 e5 19. Nf3 Qc7 20. Nfxe5 b5 21. Nb6
Qxc1 22. Nxc8 Qxc8 23. Qxd5 Bb7 24. Qb3 Qc5 25. Ng4 Qg5 26. h3 Nd7 27. Rd1 Nb6
28. Ba2 h5 29. f4 Qh4 30. Nh2 Qg3 31. Rd2 Nc4 32. Re2 a6 33. Qd3 Re8 34. Qd7
Rxe3 35. Bxc4 bxc4 36. Nf1 Rxe2 37. Nxg3 Rxg2+ 38. Kf1 Bf3 39. Ne4 Rxb2 40. Qd8+
Kh7 41. Ng5+ 1-0

[Event "29th World Junior Girls"]
[Site "Chennai IND"]
[Date "2011.08.14"]
[Round "12"]
[White "Semenova, Elena"]
[Black "Fataliyeva, Ulviyya Hasil qizi"]
[Result "0-1"]
[WhiteTitle "WFM"]
[BlackTitle "WFM"]
[WhiteElo "2175"]
[BlackElo "2107"]
[WhiteFideId "24125148"]
[BlackFideId "13403052"]
[EventDate "2011.08.02"]

1. e4 e6 2. d4 d5 3. Nc3 dxe4 4. Nxe4 Be7 5. Nf3 Nd7 6. Bd3 Ngf6 7. Nxf6+ Bxf6
8. Qe2 c5 9. d5 Nb6 10. Bb5+ Kf8 11. dxe6 Bxe6 12. O-O a6 13. Bd3 Qe7 14. c3 Rd8
15. Bf4 Nd5 16. Bg3 g6 17. Ne5 Kg7 18. Rae1 Bh4 19. f4 Bxg3 20. hxg3 Bc8 21. Qf3
Qd6 22. Be4 f5 23. Bc2 Nf6 24. Bb3 Qb6 25. Bc4 Rhf8 26. Kh2 Qc7 27. a4 Ne4 28.
Qe3 b6 29. Rd1 Bb7 30. Qe2 a5 31. Bb5 Rf6 32. Bd7 Rd6 33. Rxd6 Nxd6 34. g4 Rxd7
35. Nxd7 Qxd7 36. Qe5+ Kf7 37. Qh8 Ne8 38. Qxh7+ Ng7 39. gxf5 Qxf5 40. Kg1 Qe4
41. Qh3 Qxa4 42. Re1 Qc6 43. Re2 Qd6 44. Qe3 Bc6 45. Rd2 Qe6 46. Qe5 Qxe5 47.
fxe5 Ne8 48. Rd8 Ke7 49. Rb8 b5 50. Rb6 Kd7 51. Ra6 a4 52. c4 b4 53. Kf2 Kc7 54.
Ra7+ Kb6 55. Rh7 b3 56. Ke3 Nc7 57. Kd3 Ne6 58. g3 Nd4 59. Rh2 Bd7 60. Kc3 Bf5
61. Rf2 Kc7 62. Rh2 g5 63. g4 Bxg4 64. Rg2 Ne2+ 65. Kd2 a3 66. bxa3 Bf5 67. Rxg5
b2 68. Rxf5 b1=Q 69. Rf7+ Kd8 70. Kxe2 Qe4+ 71. Kf2 Qd4+ 72. Kf3 Qxc4 73. Rf4
Qd3+ 74. Kg4 c4 0-1

[Event "29th World Junior Girls"]
[Site "Chennai IND"]
[Date "2011.08.14"]
[Round "12"]
[White "Olsarova, Karolina"]
[Black "Michelle Catherina, P"]
[Result "1/2-1/2"]
[WhiteTitle "WIM"]
[WhiteElo "2282"]
[BlackElo "2052"]
[WhiteFideId "320242"]
[BlackFideId "5005736"]
[EventDate "2011.08.02"]

1. e4 e5 2. Nf3 Nc6 3. Bb5 a6 4. Ba4 Nf6 5. O-O Nxe4 6. d4 b5 7. Bb3 d5 8. dxe5
Be6 9. Nbd2 Nc5 10. c3 Be7 11. Bc2 Bg4 12. Re1 O-O 13. h3 Bh5 14. Nf1 Re8 15.
Ng3 Bg6 16. Nf5 Bf8 17. Bf4 Qd7 18. g4 Ne6 19. Bg3 Rad8 20. Qd2 Qc8 21. Rad1 Bc5
22. Bh4 Be7 23. Nxe7+ Nxe7 24. Bb3 Nc5 25. Nd4 Nxb3 26. Nxb3 h5 27. Bxe7 Rxe7
28. Qg5 Rde8 29. gxh5 Bc2 30. Rd2 f6 31. Qg2 Rxe5 32. Rxe5 Rxe5 33. h4 Bxb3 34.
axb3 Rxh5 35. Rd4 Qe6 36. b4 c6 37. Qg6 Rf5 38. Kg2 Re5 39. Rg4 Qf7 40. Qxf7+
Kxf7 41. Kf3 Re1 42. Rd4 Rb1 43. Rd2 Rh1 44. Rd4 Re1 45. Rd2 Ke6 46. Re2+ Rxe2
47. Kxe2 Kf5 48. Kf3 g5 49. hxg5 fxg5 50. Kg3 g4 51. f3 gxf3 52. Kxf3 Ke5 53.
Ke3 Ke6 54. Kd3 Kd7 55. Ke3 Kc7 56. Kd3 Kd7 57. Ke3 Ke7 58. Kd3 Ke6 59. Ke3 Ke5
60. Kd3 Ke6 61. Ke3 Kd7 62. Kd3 Kc7 63. Ke3 Kb6 64. Kd4 Kb7 1/2-1/2

[Event "29th World Junior Girls"]
[Site "Chennai IND"]
[Date "2011.08.14"]
[Round "12"]
[White "Pratyusha, Bodda"]
[Black "Chandika, Divyasree"]
[Result "0-1"]
[WhiteElo "2064"]
[BlackElo "2123"]
[WhiteFideId "5000629"]
[BlackFideId "5024552"]
[EventDate "2011.08.02"]

1. e4 e5 2. Nf3 Nc6 3. Bb5 a6 4. Ba4 Nf6 5. Bxc6 dxc6 6. d3 Bd6 7. Nbd2 c5 8.
Nc4 Nd7 9. b3 b5 10. Ne3 Nf8 11. Bb2 Ng6 12. a4 Rb8 13. O-O O-O 14. h3 Nf4 15.
h4 Ng6 16. g3 Bh3 17. Re1 f6 18. Nh2 Bd7 19. axb5 axb5 20. Qe2 Ne7 21. Nf3 Nc6
22. Nf5 Bxf5 23. exf5 Qd7 24. Qe4 Ne7 25. g4 h5 26. Nh2 hxg4 27. Nxg4 Qxf5 28.
Qg2 Qh5 29. f4 Ng6 30. fxe5 fxe5 31. Nxe5 Nf4 32. Qg4 Qxg4+ 33. Nxg4 Ng6 34. h5
Nf4 35. Ne5 Rf5 36. h6 gxh6 37. Re3 Rg5+ 38. Kh1 Re8 39. Ng4 Rxe3 40. Nxe3 Ne2
41. Re1 Nd4 42. Rg1 Kf7 43. Rxg5 hxg5 44. Bxd4 cxd4 45. Nf5 Be5 46. Kg2 Kg6 47.
Ne7+ Kf6 48. Nc6 Kf5 49. Na7 Kf4 50. Kf2 b4 51. Nc6 Bd6 52. Nd8 g4 53. Ne6+ Ke5
54. Ng5 Kf5 55. Ne4 Kf4 56. Ng3 Kg5 57. Ne4+ Kh4 58. Kg2 Be5 59. Nd2 Kg5 60.
Ne4+ Kf4 61. Kf2 c6 62. Ng3 Bc7 63. Ne2+ Kg5 64. Kg2 Be5 65. Kf2 Kh4 66. Kg2 c5
67. Ng1 Bd6 68. Ne2 Bb8 69. Ng1 Bc7 70. Ne2 g3 71. Ng1 Kg4 72. Nf3 Kf4 73. Nd2
Ke3 74. Ne4 Ke2 75. Nxc5 Kd1 76. Ne6 Be5 77. Nd8 Kxc2 0-1

[Event "29th World Junior Girls"]
[Site "Chennai IND"]
[Date "2011.08.14"]
[Round "12"]
[White "Bharathi, R."]
[Black "Pon, NKrithika"]
[Result "1-0"]
[WhiteTitle "WFM"]
[BlackTitle "WFM"]
[WhiteElo "2117"]
[BlackElo "2075"]
[WhiteFideId "5044634"]
[BlackFideId "5019354"]
[EventDate "2011.08.02"]

1. e4 e5 2. Nf3 Nc6 3. Bb5 a6 4. Ba4 Nf6 5. O-O b5 6. Bb3 Bc5 7. c3 d6 8. d4 Ba7
9. Be3 O-O 10. Nbd2 h6 11. Qe2 exd4 12. cxd4 Re8 13. a4 Rb8 14. axb5 axb5 15.
Rfc1 Bb7 16. Qxb5 Ba8 17. Qc4 Qe7 18. Ba4 Rb4 19. Qd3 Qd7 20. Bxc6 Bxc6 21. Qc3
Ra4 22. d5 Ba8 23. Bxa7 c5 24. dxc6 Qxa7 25. Rxa4 Qxa4 26. Nd4 Rc8 27. b4 Qa7
28. b5 Ne8 29. Nc4 Qc5 30. Ne3 Qa7 31. Nd5 Kf8 32. b6 Qb8 33. c7 Qb7 34. Nb5 Nf6
35. Nxf6 gxf6 36. Nxd6 1-0

[Event "29th World Junior Girls"]
[Site "Chennai IND"]
[Date "2011.08.14"]
[Round "12"]
[White "Nandhidhaa, PV"]
[Black "Forestier, Carole"]
[Result "0-1"]
[WhiteElo "2101"]
[BlackElo "2101"]
[WhiteFideId "5050847"]
[BlackFideId "641405"]
[EventDate "2011.08.02"]

1. e4 e6 2. d4 d5 3. e5 c5 4. c3 Qb6 5. Nf3 Nc6 6. a3 Bd7 7. b4 cxd4 8. cxd4 Rc8
9. Be3 Nh6 10. Bd3 Ne7 11. O-O Nef5 12. Qe2 Be7 13. Nbd2 Rc3 14. Rfc1 Qc7 15.
Nb3 Nxe3 16. fxe3 O-O 17. Nc5 Rxc1+ 18. Rxc1 b6 19. Nb3 Qb8 20. Bc2 Rc8 21. Qd3
g6 22. h4 Rc7 23. Bb1 Ba4 24. Kh2 Rxc1 25. Nxc1 Qc8 26. Ne2 f5 27. exf6 Ng4+ 28.
Kg1 Nxf6 29. Nc3 Be8 30. Bc2 Qc4 31. Qd2 a5 32. Bd3 Qb3 33. bxa5 bxa5 34. Ng5
Qxa3 35. Nb1 Qb4 36. Qf2 Qd6 37. Qf3 a4 38. Nc3 Qa3 39. Bb5 Qc1+ 40. Kh2 Bxb5
41. Nxb5 Qxe3 42. Qxe3 Ng4+ 43. Kg3 Nxe3 44. Nxe6 a3 45. Nc3 Nf5+ 46. Kf4 Bxh4
47. Ke5 Ne3 48. Kd6 Kf7 49. Nc5 Bf2 50. Nd3 Bg3+ 51. Kc6 h5 52. Nb4 Be1 53. Nca2
Ke6 54. Nd3 Bg3 55. Nc5+ Kf5 56. Nd7 h4 57. Nc3 Be1 58. Na2 Nxg2 59. Ne5 Ne3 60.
Nf3 Bg3 0-1

[Event "29th World Junior Girls"]
[Site "Chennai IND"]
[Date "2011.08.14"]
[Round "12"]
[White "Kazimova, Narmin Nizami qizi"]
[Black "Heredia Serrano, Carla"]
[Result "0-1"]
[WhiteTitle "WIM"]
[BlackTitle "WIM"]
[WhiteElo "2292"]
[BlackElo "2072"]
[WhiteFideId "13402951"]
[BlackFideId "3603687"]
[EventDate "2011.08.02"]

1. d4 d5 2. c4 c6 3. Nc3 dxc4 4. a4 e5 5. dxe5 Qxd1+ 6. Kxd1 Be6 7. Nf3 Nd7 8.
Bf4 O-O-O 9. Kc2 Ne7 10. Nd4 Ng6 11. Bg5 Re8 12. Nxe6 fxe6 13. Bd2 Ngxe5 14. f4
Ng4 15. h3 Nf2 16. Rh2 Nc5 17. Be3 Nfe4 18. Nxe4 Nxe4 19. Bxa7 Rd8 20. Be3 Bc5
21. Bxc5 Rd2+ 22. Kb1 Nxc5 23. e3 Nb3 24. Bxc4 Nxa1 25. Bxe6+ Kc7 26. Kxa1 Ra8
27. Rh1 Rxa4+ 28. Kb1 Rb4 29. b3 Re4 0-1

[Event "29th World Junior Girls"]
[Site "Chennai IND"]
[Date "2011.08.14"]
[Round "12"]
[White "Imeeva, Aisa"]
[Black "Sithalatchumi, A"]
[Result "1-0"]
[WhiteElo "2094"]
[BlackElo "1939"]
[WhiteFideId "24116157"]
[BlackFideId "5036186"]
[EventDate "2011.08.02"]

1. e4 e6 2. Qe2 c5 3. g3 Nc6 4. Nf3 g6 5. Bg2 Bg7 6. O-O Nge7 7. c3 O-O 8. Rd1
d5 9. d3 b5 10. Be3 d4 11. cxd4 cxd4 12. Bc1 e5 13. Nbd2 Bg4 14. b3 Qa5 15. a4
Bh6 16. h3 Bxf3 17. Nxf3 Bxc1 18. Rdxc1 Rfc8 19. Rc5 Qb4 20. Rxb5 Qc3 21. Qd1 a6
22. Rb7 Rab8 23. Rxb8 Rxb8 24. Rb1 f6 25. Bf1 Na5 26. Nd2 Nec6 27. Rc1 Qb4 28.
h4 Nd8 29. Bh3 Ndb7 30. Be6+ Kh8 31. Qf3 Qe7 32. Bd5 Kg7 33. b4 Qxb4 34. Rc7+
Kh6 35. Qxf6 Qxd2 36. Qg7+ Kh5 37. Qxh7+ Qh6 38. g4+ 1-0

[Event "29th World Junior Girls"]
[Site "Chennai IND"]
[Date "2011.08.14"]
[Round "12"]
[White "Sahari, J."]
[Black "Romero Echeverria, Abigail"]
[Result "0-1"]
[BlackTitle "WFM"]
[WhiteElo "1911"]
[BlackElo "2071"]
[WhiteFideId "5031591"]
[BlackFideId "3603806"]
[EventDate "2011.08.02"]

1. e4 c5 2. Nf3 e6 3. d4 cxd4 4. Nxd4 a6 5. Bd3 g6 6. O-O Bg7 7. Be3 Nf6 8. c4
d6 9. Nc3 O-O 10. h3 Qc7 11. f4 Nbd7 12. Rc1 b6 13. b4 Bb7 14. Nf3 Nh5 15. Ne2
a5 16. Nfd4 axb4 17. Nb5 Qb8 18. Bb1 Nc5 19. Nxd6 Rd8 20. e5 Bf8 21. Qe1 Bxd6
22. exd6 Qxd6 23. Qxb4 Qc6 24. Rf2 Nd3 25. Bxd3 Rxd3 26. Qxb6 Qe4 27. Rc3 Rd1+
28. Kh2 Rxa2 29. Ng3 Nxg3 30. Rxa2 Nf1+ 31. Kg1 Nd2+ 0-1

[Event "29th World Junior Girls"]
[Site "Chennai IND"]
[Date "2011.08.14"]
[Round "12"]
[White "Sathya, Priya S.V."]
[Black "Gevorgyan, Maria"]
[Result "1-0"]
[WhiteElo "1842"]
[BlackElo "2068"]
[WhiteFideId "5020905"]
[BlackFideId "13300270"]
[EventDate "2011.08.02"]

1. d4 d5 2. c4 c6 3. cxd5 cxd5 4. Nc3 Nf6 5. Bf4 Nc6 6. Nf3 Bf5 7. e3 Qb6 8. Bb5
a6 9. Bxc6+ bxc6 10. Qd2 Ne4 11. Nxe4 Bxe4 12. O-O h5 13. Ne1 h4 14. h3 e6 15.
a3 c5 16. dxc5 Bxc5 17. b4 Be7 18. Be5 O-O 19. Nd3 Qb5 20. Rfd1 Rfd8 21. Bd4
Rac8 22. Nc5 Bf5 23. a4 Qb6 24. Nd3 Qb8 25. Rdc1 Bd6 26. Bc5 Bh2+ 27. Kh1 d4 28.
exd4 e5 29. Kxh2 Bxd3 30. dxe5 Qxe5+ 31. Kg1 Qf5 32. Qb2 Qg6 33. f3 Rd5 34. Be3
Re8 35. Qf2 Rde5 36. Re1 f5 37. f4 Re4 38. Qd2 Bc4 39. Rac1 R4e6 40. Rxc4 Qg3
41. Rc3 g5 42. Kf1 Qh2 43. Rd1 Qh1+ 44. Kf2 Qh2 45. Kf1 Qh1+ 46. Bg1 Re4 47.
Qd5+ Kh8 48. Rf3 g4 49. hxg4 Re2 50. Rf2 Rxf2+ 51. Kxf2 h3 52. Qd4+ Kg8 53. Qc4+
Kf8 54. Qc5+ Kg8 55. Qd5+ Kh8 56. g3 Qe4 57. Qxe4 Rxe4 58. gxf5 Rxb4 59. Kf3 Rb2
60. Bd4+ 1-0

[Event "29th World Junior Girls"]
[Site "Chennai IND"]
[Date "2011.08.14"]
[Round "12"]
[White "Ivana Maria, Furtado"]
[Black "Hema, Priya N"]
[Result "1-0"]
[WhiteTitle "WFM"]
[WhiteElo "2012"]
[BlackElo "1885"]
[WhiteFideId "5048400"]
[BlackFideId "5059178"]
[EventDate "2011.08.02"]

1. d4 Nf6 2. c4 g6 3. Nc3 d5 4. Nf3 Bg7 5. Bf4 O-O 6. e3 c5 7. dxc5 Qa5 8. Rc1
Rd8 9. Qa4 Qxc5 10. b4 Qc6 11. b5 Qc5 12. Qb3 Be6 13. Nd4 Qc8 14. Nxe6 Qxe6 15.
cxd5 Qf5 16. Bc4 Nbd7 17. O-O Nb6 18. Rfd1 Rac8 19. Bd3 Qd7 20. e4 Ng4 21. Ne2
Ne5 22. Bxe5 Bxe5 23. a4 Qd6 24. g3 Nd7 25. f4 Bg7 26. a5 Nc5 27. Qb1 Na4 28. e5
Qxd5 29. Bxg6 Rxc1 30. Bxh7+ Kh8 31. Rxc1 Qf3 32. Qe4 Qh5 33. Bf5 e6 34. Bh3
Qxh3 35. Qxa4 Qf5 36. Qc2 Qg4 37. Qe4 Bf8 38. h3 Qxh3 39. Kf2 Qh2+ 40. Qg2 Qxg2+
41. Kxg2 Rd2 42. Kf3 Ra2 43. Rc7 Kg7 44. Nd4 Kg8 45. Rxb7 Rxa5 46. Kg4 Ra4 47.
Nc6 Bc5 48. Kg5 Kg7 49. Nd8 Kf8 50. Kf6 1-0

[Event "29th World Junior Girls"]
[Site "Chennai IND"]
[Date "2011.08.14"]
[Round "12"]
[White "Mahalakshmi, M"]
[Black "Savetha, C H"]
[Result "0-1"]
[WhiteTitle "WFM"]
[WhiteElo "1901"]
[BlackElo "1992"]
[WhiteFideId "5001080"]
[BlackFideId "5042224"]
[EventDate "2011.08.02"]

1. d4 d5 2. c4 e6 3. Nc3 Nf6 4. Nf3 Be7 5. Bg5 h6 6. Bh4 O-O 7. e3 b6 8. Bd3 Bb7
9. Bxf6 Bxf6 10. cxd5 exd5 11. b4 c6 12. O-O a5 13. a3 Nd7 14. Qb3 axb4 15. axb4
b5 16. Ne2 Nb6 17. Bc2 Nc4 18. Nf4 Qe7 19. h4 Rfe8 20. h5 Kf8 21. Nd3 Rxa1 22.
Rxa1 Bc8 23. Nc5 Bg4 24. Nh2 Bxh5 25. Ra6 Bxd4 26. Rxc6 Nxe3 27. Ne6+ fxe6 28.
fxe3 Be5 29. Nf1 Be2 30. Bd1 Bc4 31. Qc2 Kg8 32. Nd2 Rf8 33. Nf3 Qxb4 34. Qg6
Qe1+ 35. Nxe1 Rf1# 0-1

[Event "29th World Junior Girls"]
[Site "Chennai IND"]
[Date "2011.08.15"]
[Round "13"]
[White "Girya, Olga"]
[Black "Padmini, Rout"]
[Result "0-1"]
[WhiteTitle "WGM"]
[BlackTitle "WGM"]
[WhiteElo "2371"]
[BlackElo "2348"]
[WhiteFideId "4195752"]
[BlackFideId "5029295"]
[EventDate "2011.08.02"]

1. d4 Nf6 2. c4 g6 3. Nc3 d5 4. cxd5 Nxd5 5. Bd2 Bg7 6. e4 Nxc3 7. Bxc3 c5 8. d5
Bxc3+ 9. bxc3 Qd6 10. Nf3 O-O 11. Be2 e6 12. O-O exd5 13. Qxd5 Qe7 14. Rfd1 Nc6
15. h3 Rd8 16. Qc4 Be6 17. Qa4 Qf6 18. Bb5 Ne5 19. Nxe5 Qxe5 20. Rxd8+ Rxd8 21.
Qxa7 c4 22. Qa5 b6 23. Qb4 Qxe4 24. Qe7 Rd2 25. a4 Qe5 26. Rc1 Kg7 27. Qh4 g5
28. Qh5 Rxf2 29. Kxf2 Qf4+ 30. Qf3 Qxc1 31. Qe3 Qc2+ 32. Kg3 Qf5 33. Qd4+ f6 34.
Kh2 Qf4+ 35. Qxf4 gxf4 36. Bc6 Kg6 37. Kg1 Kf5 38. Kf2 Ke5 39. Kf3 Bf5 40. h4
Bc2 41. Bb5 Be4+ 42. Kf2 Bd5 43. Bd7 Ke4 44. Ke2 f3+ 45. gxf3+ Kf4 46. Kf2 Bxf3
47. Be6 Bc6 48. Bxc4 Bxa4 49. Bd3 h6 50. Be2 Bd7 51. Bf3 Bg4 52. Bc6 Bh5 53. Bd7
Bg6 54. Bc8 f5 55. Bd7 Kg4 56. Ke3 Kg3 57. Kd4 f4 58. Ke5 Bd3 0-1

[Event "29th World Junior Girls"]
[Site "Chennai IND"]
[Date "2011.08.15"]
[Round "13"]
[White "Tsatsalashvili, Keti"]
[Black "Cori T., Deysi"]
[Result "0-1"]
[WhiteTitle "WIM"]
[BlackTitle "WGM"]
[WhiteElo "2318"]
[BlackElo "2376"]
[WhiteFideId "13603434"]
[BlackFideId "3801934"]
[EventDate "2011.08.02"]

1. d4 e6 2. c4 b6 3. Nf3 Bb7 4. a3 f5 5. Nc3 Nf6 6. d5 Bd6 7. e3 O-O 8. Be2 c6
9. dxe6 dxe6 10. b3 Qe7 11. Qc2 Nbd7 12. Bb2 Rad8 13. O-O c5 14. Rad1 Bb8 15.
Ba1 a6 16. Rfe1 Qe8 17. Rd2 Qh5 18. h3 Qe8 19. Red1 Qe7 20. Ne1 g5 21. Na4 Ne4
22. Qb2 e5 23. Bf3 Nxd2 24. Bxb7 Nf6 25. Bd5+ Nxd5 26. cxd5 Ne4 27. Nxb6 Qb7 28.
Nc4 Rxd5 29. Rc1 Rfd8 30. Qc2 Qf7 31. Nf3 Qe6 32. a4 h5 33. Nh2 Qd7 34. Nf1 Rd1
35. Nxe5 Bxe5 36. Bxe5 Rxc1 37. Qxc1 Qd1 38. Qc4+ Qd5 39. Qxa6 Qxe5 40. Qg6+ Qg7
41. Qxf5 Nd2 42. Qe6+ Kh7 43. Nxd2 Rxd2 44. Qf5+ Qg6 45. Qxc5 Rd1+ 0-1

[Event "29th World Junior Girls"]
[Site "Chennai IND"]
[Date "2011.08.15"]
[Round "13"]
[White "Savina, Anastasia"]
[Black "Paikidze, Nazi"]
[Result "0-1"]
[WhiteTitle "WGM"]
[BlackTitle "WGM"]
[WhiteElo "2398"]
[BlackElo "2416"]
[WhiteFideId "4196872"]
[BlackFideId "13603620"]
[EventDate "2011.08.02"]

1. d4 d5 2. c4 c6 3. Nc3 Nf6 4. Nf3 e6 5. Bg5 h6 6. Bxf6 Qxf6 7. e3 g6 8. Bd3
Bg7 9. O-O O-O 10. cxd5 exd5 11. Ne5 Nd7 12. f4 Qd6 13. Rc1 Rd8 14. Rc2 Nf8 15.
Kh1 Qe7 16. Rcf2 c5 17. f5 Bxe5 18. dxe5 Qxe5 19. fxg6 fxg6 20. Rf6 Bf5 21.
R6xf5 gxf5 22. Rxf5 Qg7 23. Nxd5 Ne6 24. Nf6+ Kh8 25. Nh5 Qg6 26. Rf6 Rxd3 27.
Qf3 Ng5 28. Qf1 Qxh5 29. Qxd3 Ne4 30. Rf3 Qe5 31. Qd7 Qd6 32. Qf5 Re8 33. Qf7
Rd8 34. Rf1 b5 35. Qf5 Ng5 36. h4 Nh7 37. Qh5 Rf8 38. Rd1 Qf6 39. e4 Rg8 40. e5
Qg6 0-1

[Event "29th World Junior Girls"]
[Site "Chennai IND"]
[Date "2011.08.15"]
[Round "13"]
[White "Dogodkina, Julia"]
[Black "Kulkarni, Bhakti"]
[Result "0-1"]
[BlackTitle "CM"]
[WhiteElo "2193"]
[BlackElo "2317"]
[WhiteFideId "24143375"]
[BlackFideId "5019516"]
[EventDate "2011.08.02"]

1. e4 e5 2. c4 Nf6 3. Nc3 d6 4. Nf3 c5 5. Be2 g6 6. a3 Nc6 7. d3 Bg7 8. Bg5 h6
9. Bxf6 Bxf6 10. Nd5 O-O 11. b4 Bg7 12. b5 Ne7 13. Nd2 Nxd5 14. cxd5 a6 15. bxa6
b5 16. O-O Bd7 17. Qb3 Rxa6 18. Nb1 Qb6 19. Nd2 Rfa8 20. Ra2 Qa7 21. Rfa1 Bf6
22. Bd1 Bg5 23. Nf1 Qb7 24. Ng3 R8a7 25. Ne2 Qa8 26. Nc3 Ra5 27. Ne2 Bd8 28. h3
R7a6 29. Nc1 Bb6 30. Be2 Ra7 31. Kh2 f5 32. a4 Rxa4 33. exf5 c4 34. dxc4 Bd4 35.
Qg3 Bxf5 36. Rxa4 bxa4 37. Ra3 Bb2 38. Rf3 Kh7 39. Rxf5 Bxc1 40. Rf6 Bf4 41.
Rxf4 exf4 42. Qa3 Qb8 43. Bd1 Qb6 44. Qf3 a3 45. Bc2 a2 46. Bxg6+ Kg7 47. Qg4
Qd8 0-1